000 00568nam a2200217 a 4500
001 BRCA_5049
005 20190320204923.0
008 051110s1947----be-a######---#000-0#fre-#
041 _afre
044 _abe
050 4 _aNK9455
_b.P38 1947
100 1 _aPaulis, L.
_912888
245 1 0 _aPour Connaitre la Dentelle
_cL. Paulis.
260 _aAmberes, Bélgica
_bDe Nederlandsche Boekhandel
_c1947
300 _a136 p.
_bil.
_c25 cm.
500 _aIncluye índice de ilustraciones
500 _aDD25
650 1 4 _aEncajes
_912889
902 _aGFM
942 _2lcc
_cB
999 _c4743
_d4743